书目信息 |
| 题名: |
工厂化育苗原理与技术
|
|
| 作者: | 别之龙 , 黄丹枫 主编 | |
| 分册: | ||
| 出版信息: | 北京 中国农业出版社 2019 |
|
| 页数: | 322页 | |
| 开本: | 26cm | |
| 丛书名: | ||
| 单 册: | ||
| 中图分类: | S359 , S35 | |
| 科图分类: | ||
| 主题词: | 工厂化育苗--高等教育--教材 | |
| 电子资源: | ||
| ISBN: | 978-7-109-25137-3 | |
| 000 | 01135nam0 2200265 450 | |
| 001 | 2338578834 | |
| 005 | 20231221104329.96 | |
| 010 | @a978-7-109-25137-3@d48.50CNY | |
| 100 | @a20191204d2019 em y0chiy0120 ea | |
| 101 | 0 | @achi |
| 102 | @aCN@b110000 | |
| 105 | @aa z 000yy | |
| 200 | 1 | @a工厂化育苗原理与技术@Agong chang hua yu miao yuan li yu ji shu@b专著@f别之龙,黄丹枫主编 |
| 205 | @a2版 | |
| 210 | @a北京@c中国农业出版社@d2019 | |
| 215 | @a322页@c图@d26cm | |
| 300 | @a普通高等教育“十一五”国家级规划教材 普通高等教育农业农村部“十三五”规划教材 中国农业教育在线数字课程配套教材 设施农业科学与工程本科专业系列教材 | |
| 330 | @a本书在参考国内外工厂化育苗相关专著和有关论文的基础上,根据工厂化育苗的技术特点,系统介绍了工厂化育苗的基本原理和技术。全书共十二章,内容包括:育苗基础知识、植物组织培养、工厂化育苗设施设备、工厂育苗方式、育苗基质与营养、工厂化嫁接育苗等。 | |
| 606 | 0 | @a工厂化育苗@x高等教育@j教材 |
| 690 | @aS359@v5 | |
| 690 | @aS35@v4 | |
| 701 | 0 | @a别之龙@Abie zhi long@f(1970~)@4主编 |
| 701 | 0 | @a黄丹枫@Ahuang dan feng@f(1956~)@4主编 |
| 801 | 2 | @aCN@b辽宁北配@c20231205 |
| 905 | @aBZT@dS35@e4=2 | |
| 工厂化育苗原理与技术/别之龙,黄丹枫主编.-2版.-北京:中国农业出版社,2019 |
| 322页:图;26cm |
| 普通高等教育“十一五”国家级规划教材 普通高等教育农业农村部“十三五”规划教材 中国农业教育在线数字课程配套教材 设施农业科学与工程本科专业系列教材 |
| ISBN 978-7-109-25137-3:48.50CNY |
| 本书在参考国内外工厂化育苗相关专著和有关论文的基础上,根据工厂化育苗的技术特点,系统介绍了工厂化育苗的基本原理和技术。全书共十二章,内容包括:育苗基础知识、植物组织培养、工厂化育苗设施设备、工厂育苗方式、育苗基质与营养、工厂化嫁接育苗等。 |
| ● |
| 相关链接 |
|
|
|
正题名:工厂化育苗原理与技术
索取号:S35/4=2
 
预约/预借
| 序号 | 登录号 | 条形码 | 馆藏地/架位号 | 状态 | 备注 |
| 1 | 2001689240 | 2001689240 | 516书库/ [索取号:S35/4=2] | 在馆 | |
| 2 | 2001689241 | 2001689241 | 516书库/ [索取号:S35/4=2] | 在馆 | |
| 3 | 2001689242 | 2001689242 | 516书库/ [索取号:S35/4=2] | 在馆 | |
| 4 | 2001689243 | 2001689243 | 516书库/ [索取号:S35/4=2] | 在馆 | |
| 5 | 2001689244 | 2001689244 | 516书库/ [索取号:S35/4=2] | 在馆 | |
| 6 | 2001689245 | 2001689245 | 516书库/ [索取号:S35/4=2] | 在馆 | |
| 7 | 2001689246 | 2001689246 | 516书库/ [索取号:S35/4=2] | 在馆 | |
| 8 | 2001689247 | 2001689247 | 516书库/ [索取号:S35/4=2] | 在馆 | |
| 9 | 2001689248 | 2001689248 | 516书库/ [索取号:S35/4=2] | 在馆 | |
| 10 | 2001689249 | 2001689249 | 516书库/ [索取号:S35/4=2] | 在馆 | |
| 11 | 2001689250 | 2001689250 | 516书库/ [索取号:S35/4=2] | 在馆 | |
| 12 | 2001689251 | 2001689251 | 516书库/ [索取号:S35/4=2] | 在馆 | |
| 13 | 2001689252 | 2001689252 | 516书库/ [索取号:S35/4=2] | 在馆 |